European Countries by their Oldest University with a Map - Statistics

General Stats
  • This quiz has been taken 338 times
    330 since last reset
  • The average score is 36 of 44
Answers on the Map
Answers color-coded by a green-red scale on the quiz's map according to % correct below.
 
Answer Stats
University Year Answer % Correct
University of Paris 1160 France
100%
University of Oxford 1096 United Kingdom
100%
University of Vienna 1365 Austria
97%
University of Bologna 1088 Italy
97%
University of Copenhagen 1479 Denmark
96%
Ruprecht Karl University of Heidelberg 1386 Germany
94%
University of Salamanca 1134 Spain
94%
Istanbul University 1453 Turkey
92%
University of Basel 1460 Switzerland
91%
Jesuit College of Malta 1592 Malta
90%
University of Helsinki 1640 Finland
89%
University of Iceland 1911 Iceland
89%
University of Latvia 1862 Latvia
89%
Oslo University 1811 Norway
89%
Vilnius University 1579 Lithuania
88%
University of Andorra 1988 Andorra
87%
Sofia University 1888 Bulgaria
87%
University of Liechtenstein 1981 Liechtenstein
87%
University of Montenegro 1974 Montenegro
87%
Saint Petersburg State University 1724 Russia
87%
Université du Luxembourg 2003 Luxembourg
86%
University of the Republic of San Marino 1985 San Marino
86%
University of Belgrade 1808 Serbia
86%
Belerusian State University 1921 Belarus
85%
University of Sarajevo 1949 Bosnia and Herzegovina
85%
University of Coimbra 1290 Portugal
85%
University of Ljubljana 1919 Slovenia
85%
Uppsala University 1477 Sweden
85%
Kyiv Mohyta Academy 1632 Ukraine
84%
University of Leuven 1425 Belgium
83%
Trinity College 1592 Ireland
81%
Ionian Academy 1824 Greece
77%
University of Leiden 1575 Netherlands
73%
Jagiellonian University 1364 Poland
73%
Charles University 1348 Czech Republic
72%
University of Zadar 1396 Croatia
71%
University of Pécs 1367 Hungary
71%
University of Tartu 1632 Estonia
69%
Alexandru Ioan Cuza University 1860 Romania
66%
University Istropolitana 1465 Slovakia
60%
University of Dyrrhachium 1380 Albania
59%
Haxhi Zeka University 1960 Kosovo
59%
Tiraspol State University 1930 Moldova
59%
Saint Cyril University 1943 North Macedonia
54%
No matching quizzes found
Score Distribution
Percent of People with Each Score
Percentile by Number Answered
Your Score History
You have not taken this quiz since the last reset